BIOCHEMISTRY AND CLINICAL PATHOLOGY (Record no. 9620)

MARC details
000 -LEADER
fixed length control field 00383nam a22001577a 4500
003 - CONTROL NUMBER IDENTIFIER
control field SGT
020 ## - INTERNATIONAL STANDARD BOOK NUMBER
International Standard Book Number 978-81-85731-84-1
082 ## - DEWEY DECIMAL CLASSIFICATION NUMBER
Classification number 612.015
Item number B14D
100 ## - MAIN ENTRY--PERSONAL NAME
Personal name DANDIYA, P.C & SHARMA, P.K
245 ## - TITLE STATEMENT
Title BIOCHEMISTRY AND CLINICAL PATHOLOGY
250 ## - EDITION STATEMENT
Edition statement 3RD
260 ## - PUBLICATION, DISTRIBUTION, ETC. (IMPRINT)
Place of publication, distribution, etc NEW DELHI
Name of publisher, distributor, etc VALLABH. PUB
Year of Publication 2014
300 ## - PAGE DESCRIPTION
No. of Pages 344
650 ## - SUBJECT ADDED ENTRY--TOPICAL TERM
Topical term or geographic name as entry element BIOCHEMISTRY & PATHOLOGY
942 ## - ADDED ENTRY ELEMENTS (KOHA)
Source of classification or shelving scheme Dewey Decimal Classification
Koha item type Books
942 ## - ADDED ENTRY ELEMENTS (KOHA)
-- 15
Holdings
Withdrawn status Lost status Source of classification or shelving scheme Damaged status Not for loan Collection code Home library Current library Shelving location Date acquired Vendor Name Cost, normal purchase price SGTU Bill Number Total Checkouts Full call number Accession No. (Barcode) Date last seen Date last borrowed Bill Date Koha item type Total Renewals
    Dewey Decimal Classification     PHARMACY SGT FA-FP Library SGT FA-FP Library Text Book 23/07/2016 UNIVERSAL BOOK 240.00 SGTU 156 23 612.015 B14D FP1926 13/05/2024 13/05/2024 15/07/2016 Books  
  Lost and Paid For Dewey Decimal Classification     PHARMACY SGT FA-FP Library SGT FA-FP Library Text Book 23/07/2016 UNIVERSAL BOOK 240.00 SGTU 156 17 612.015 B14D FP1927 30/05/2017 11/05/2017 15/07/2016 Books  
    Dewey Decimal Classification     PHARMACY SGT FA-FP Library SGT FA-FP Library Reference Book 23/07/2016 UNIVERSAL BOOK 240.00 SGTU 156 10 612.015 B14D FP1928 19/04/2018 16/04/2018 15/07/2016 Books  
Withdrawn   Dewey Decimal Classification     PHARMACY SGT FA-FP Library SGT FA-FP Library Text Book 23/07/2016 UNIVERSAL BOOK 240.00 SGTU 156 18 612.015 B14D FP1929 23/05/2018 10/05/2018 15/07/2016 Books  
    Dewey Decimal Classification     PHARMACY SGT FA-FP Library SGT FA-FP Library Text Book 23/07/2016 UNIVERSAL BOOK 240.00 SGTU 156 20 612.015 B14D FP1930 13/02/2020 05/02/2020 15/07/2016 Books  
    Dewey Decimal Classification     PHARMACY SGT FA-FP Library SGT FA-FP Library Text Book 23/07/2016 UNIVERSAL BOOK 240.00 SGTU 156 22 612.015 B14D FP1931 08/07/2021 08/07/2021 15/07/2016 Books 2
    Dewey Decimal Classification     PHARMACY SGT FA-FP Library SGT FA-FP Library Text Book 23/07/2016 UNIVERSAL BOOK 240.00 SGTU 156 20 612.015 B14D FP1932 15/01/2024 09/01/2024 15/07/2016 Books  
    Dewey Decimal Classification     PHARMACY SGT FA-FP Library SGT FA-FP Library Text Book 23/07/2016 UNIVERSAL BOOK 240.00 SGTU 156 29 612.015 B14D FP1933 16/10/2021 16/10/2021 15/07/2016 Books  
    Dewey Decimal Classification     PHARMACY SGT FA-FP Library SGT FA-FP Library Text Book 23/07/2016 UNIVERSAL BOOK 240.00 SGTU 156 21 612.015 B14D FP1934 06/09/2022 22/08/2022 15/07/2016 Books  
    Dewey Decimal Classification     PHARMACY SGT FA-FP Library SGT FA-FP Library Text Book 23/07/2016 UNIVERSAL BOOK 240.00 SGTU 156 24 612.015 B14D FP1935 18/09/2024 03/09/2024 15/07/2016 Books